Two-Syllable Geography #2 - Statistics

General Stats
  • This quiz has been taken 233 times
  • The average score is 14 of 20
Answer Stats
Clue Answer % Correct
Tokyo's country Japan
100%
The word preceding "de Janeiro" Rio
98%
Egyptian capital on the Nile River Cairo
97%
Also referred to as Myanmar Burma
93%
World's second-largest religion Islam
90%
A huge "tea party" occured here Boston
88%
South Africa's legislative capital Cape Town
85%
Capital of Northern Ireland Belfast
81%
UK territory (British ____ Islands) Virgin
81%
Another name for Iranian Persian
78%
Capital of the European Union Brussels
77%
Sixteenth US president surname Lincoln
66%
Shakespeare's birthplace "upon-Avon" Stratford
64%
Synonym for "countries"; United _____ Nations
62%
First country alphabetically's demonym Afghan
55%
Tallest UK mountain: Ben _____ Nevis
54%
Capital of the Confederate Union Richmond
54%
Country with the most pyramids Sudan
51%
Subdivision of Canada and China Province
40%
Kaliningrad, Irkutsk, Tyumen, eg. Oblast
18%
No matching quizzes found
Score Distribution
Percent of People with Each Score
Percentile by Number Answered
Your Score History
You have not taken this quiz